Tangled Franchise - Statistics

General Stats
  • This quiz has been taken 64 times
  • The average score is 4 of 5
Answer Stats
Type Year Name Info % Correct
Film 2010 Tangled Disney
100%
Musical 2015-Present Tangled: The Musical Alan Menken / Glenn Slater
100%
Video Game 2010 Tangled: The Video Game Disney Interactive
100%
TV Show 2017-Present Rapunzel's Tangled Adventure Disney Channel
58%
Short Film 2012 Tangled Ever After Disney
51%
No matching quizzes found
Score Distribution
Percent of People with Each Score
Percentile by Number Answered
Your Score History
You have not taken this quiz